000 00401cam a22001337a 4500
008 180718b1984 xxu||||| |||| 00| 0 eng d
082 _aB1243x54 G346
100 _aGhosh, S.K.
245 _aMuslims in Indian democracy
_cby S.K. Ghosh
260 _aDelhi
_bAshish
_c1984
300 _a192p.
500 _aPublished under the auspices of law Research Institute Culcutta
650 _aMohammedans in India
999 _c345113
_d345113